Redes de computadoras e internet

Bibliographic Details
Main Author: Heineke, Corinna
Format: Section = Libro
Language:Undetermined
Spanish
Published: El Salvador Heinrich Boll 2002
Subjects:
LEADER 00527nam a2200205Ia 4500
008 240830s9999 xx 000 0 und d
020 |a 99923-35-04-1 
040 |a B-ESTELÍ- RUACS / 004.67 C732 
041 |a spa 
082 |a 004.67 C732 
100 1 |a Heineke, Corinna 
245 1 0 |a Redes de computadoras e internet 
260 |a El Salvador  |b Heinrich Boll  |c 2002 
300 |a 296 p:il 
650 7 |a TRANSGENICOS 
650 7 |b  BIODIVERSIDAD 
650 7 |c  DIVERSIDAD BIOLOGICA 
942 |c BK  |2 ddc 
991 |a TEXTO 
999 |c 10540